Kinetics of fast enzyme reactions : theory and practice /

Bibliographic Details
Main Author: Hiromi, Keitarō, 1926-
Format: Book
Language:English
Published: Tokyo : New York : Kodansha Ltd. ; Wiley, [1979]
Subjects:

MARC

Tag First Indicator Second Indicator Subfields
LEADER 00000pam a2200000 i 4500
001 in00000100751
005 20150924161034.0
008 790803s1979 ja a b 00110 eng
010 |a  79019391  
020 |a 0470268662 
035 |a (OCoLC)05310683 
035 |9 AAL0857AM 
040 |a DLC  |c DLC  |d TXA  |d UtOrBLW 
049 |a TXAM  |c [1191398] 
050 0 0 |a QP601  |b .H49 1979 
082 0 |a 547/.758 
100 1 |a Hiromi, Keitarō,  |d 1926- 
245 1 0 |a Kinetics of fast enzyme reactions :  |b theory and practice /  |c Keitaro Hiromi. 
264 1 |a Tokyo :  |b Kodansha Ltd. ;  |a New York :  |b Wiley,  |c [1979] 
264 4 |c ©1979 
300 |a x, 346 pages :  |b illustrations ;  |c 24 cm. 
336 |a text  |b txt  |2 rdacontent 
337 |a unmediated  |b n  |2 rdamedia 
338 |a volume  |b nc  |2 rdacarrier 
500 |a "A Halsted Press book." 
504 |a Includes bibliographical references and index. 
650 0 |a Enzymes. 
650 0 |a Chemical kinetics. 
999 |a MARS 
999 f f |s ff87d550-f457-3861-85dd-a657283c6f59  |i 7d8a9157-0a66-3300-81c6-de396f7dbf14  |t 0 
952 f f |p ric  |a Texas A&M University  |b Rellis Campus  |c Joint Library Facility  |d Remote Storage  |t 0  |e QP601 .H49 1979  |h Library of Congress classification  |i unmediated -- volume  |m A14805026579 
998 f f |a QP601 .H49 1979  |t 0  |l Remote Storage